Quien teme a Virginia Wolf.

Detalles Bibliográficos
Formato: Libro
Lenguaje:inglés

MARC

LEADER 00000cam a2200000 a 4500
001 030330
003 UAHC_CL
005 20170803123208.0
008 140715b xx j 000 1 eng
040 |a UAHC_CL  |c UAHC_CL  |d UAHC_CL 
245 1 0 |a Quien teme a Virginia Wolf. 
500 |a DVD COPIA. 11.11.2014 ACE. 
900 |a DVD 
942 |c BK 
952 |0 0  |1 0  |4 0  |6 DVD  |7 0  |8 General  |9 59262  |a BS  |b BS  |c General  |d 2017-08-03  |l 0  |o DVD  |p 1388872  |r 2020-01-14 00:00:00  |t 1  |w 2017-08-03  |y BK 
999 |c 30330  |d 30330